|
|
|
|
| LEADER |
00633nam a22001931a 4500 |
| 020 |
|
|
|c 0.00
|
| 040 |
|
|
|a SSUS - Library - Kalady
|
| 082 |
|
|
|a 005.276
|b DIN/A
|
| 100 |
|
|
|a Dinesh Maidasani
|
| 245 |
|
|
|a Straight to the point : ASP.Net 2.0
|h [Text]
|
| 260 |
|
|
|a New Delhi
|b Firewall Media
|c 2011
|
| 300 |
|
|
|a 177p.
|
| 600 |
|
|
|a Active Server Pages
|
| 600 |
|
|
|a Computer Programming
|
| 600 |
|
|
|a Website Design
|
| 852 |
|
|
|h 005.276
|i DIN/A
|p 062497
|9 140.00
|t 0
|
| 942 |
|
|
|c BK
|
| 999 |
|
|
|c 44305
|d 44305
|
| 952 |
|
|
|0 0
|1 0
|4 0
|6 005_276000000000000_DIN_A
|7 0
|9 64104
|a SSUS
|b SSUS
|d 2015-01-08
|g 140.00
|o 005.276 DIN/A
|p 062497
|r 2015-01-08
|v 0.00
|w 2015-01-08
|y BK
|